000 00886cam a22002772 4500
001 4340
003 BD-RjUL
005 20211208233856.0
008 750528s1959 enk 000 0 eng
035 _aOCLC ocm01357775 from D980121M
_a(BD-RjUL)4375
040 _aDLC
_cSOI
_dOCL
_dUKM
_dEQO
_dBD-RjUL
_beng
041 _aeng
082 _a347.40942
_bANP
090 _aKD1554.A95
_bA5 1959
100 1 _aAnson, William Reynell,
_d1843-1914.
_913741
245 1 0 _aPrinciples of the English law of contract and of agency in its relation to contract.
250 _a21st ed.,
260 _aOxford :
_bClarendon Press,
_cc1959.
300 _alviii, 607 p. ;
_c24 cm.
504 _aIncludes index.
650 0 _aContracts
_zGreat Britain.
_913518
650 0 _aAgency (Law)
_zGreat Britain.
_913742
700 1 _aGuest, Anthony Gordon.
_912139
942 _2ddc
_cBK
999 _c4340
_d4340